Statistics for U.S. States with the Lowest Life Expectancies

Click here to take the quiz!

General Stats

  • This quiz has been taken 14 times
  • The average score is 9 of 10

Answer Stats

RankLEBState% Correct
473.2Alabama
100%
773.8Arkansas
100%
171.9Mississippi
100%
573.5Kentucky
92%
373.1Louisiana
85%
874.1Oklahoma
85%
1074.8South Carolina
85%
673.8Tennessee
85%
272.8West Virginia
85%
974.5New Mexico
77%

Score Distribution

Percentile by Number Answered

Percent of People with Each Score

Your Score History

You have not taken this quiz